000
00222nam a2200097Ia 4500
005
20251222114353.0
008
251222s1900||||xx |||||||||||||| ||spa||
082
_a
DVD0090/F51/2000
245
0
_a
Federico Fellini:
942
_c
DVD
999
_c
1313
_d
1313